<?xml version="1.0" encoding="UTF-8"?>
<record
    xmlns:xsi="http://www.w3.org/2001/XMLSchema-instance"
    xsi:schemaLocation="http://www.loc.gov/MARC21/slim http://www.loc.gov/standards/marcxml/schema/MARC21slim.xsd"
    xmlns="http://www.loc.gov/MARC21/slim">

  <leader>03669nam a2200469 a 4500</leader>
  <controlfield tag="001">000103344</controlfield>
  <controlfield tag="003">CHAP</controlfield>
  <controlfield tag="005">20250603073156.0</controlfield>
  <controlfield tag="007">cr ||||||a|c|a</controlfield>
  <controlfield tag="008">101116s2010    mx      r     00010 spa d</controlfield>
  <datafield tag="035" ind1=" " ind2=" ">
    <subfield code="a">111465</subfield>
  </datafield>
  <datafield tag="040" ind1=" " ind2=" ">
    <subfield code="c">CHAP</subfield>
  </datafield>
  <datafield tag="090" ind1=" " ind2=" ">
    <subfield code="a">Tesis</subfield>
  </datafield>
  <datafield tag="100" ind1="1" ind2="0">
    <subfield code="a">Garc&#xED;a Salazar, Adriana</subfield>
    <subfield code="9">46587</subfield>
  </datafield>
  <datafield tag="245" ind1="1" ind2="3">
    <subfield code="a">La producci&#xF3;n de agave y mezcal como estrategia de desarrollo rural en el municipio del Te&#xFA;l de Gonz&#xE1;lez Ortega, Zacatecas</subfield>
    <subfield code="c">/por Adriana Garc&#xED;a Salazar; director de tesis Francisco Javier Mac&#xED;as Rodr&#xED;guez.</subfield>
  </datafield>
  <datafield tag="264" ind1=" " ind2="1">
    <subfield code="a">Zacatecas, Zac. :</subfield>
    <subfield code="b">El autor,</subfield>
    <subfield code="c">2010.</subfield>
  </datafield>
  <datafield tag="300" ind1=" " ind2=" ">
    <subfield code="a">1 recurso en l&#xED;nea (169 p&#xE1;ginas).</subfield>
    <subfield code="b">cuadros, figuras.</subfield>
  </datafield>
  <datafield tag="336" ind1=" " ind2=" ">
    <subfield code="2">rdacontent </subfield>
    <subfield code="a">texto</subfield>
    <subfield code="b">txt</subfield>
  </datafield>
  <datafield tag="337" ind1=" " ind2=" ">
    <subfield code="2">rdamedia</subfield>
    <subfield code="a">computadora</subfield>
    <subfield code="b">c</subfield>
  </datafield>
  <datafield tag="338" ind1=" " ind2=" ">
    <subfield code="2">rdacarrier</subfield>
    <subfield code="a">recursos en l&#xED;nea</subfield>
    <subfield code="b">cr</subfield>
  </datafield>
  <datafield tag="502" ind1=" " ind2=" ">
    <subfield code="b">MCDRR</subfield>
    <subfield code="c">DCRU</subfield>
    <subfield code="d">2010.</subfield>
    <subfield code="g">MAE</subfield>
  </datafield>
  <datafield tag="520" ind1=" " ind2=" ">
    <subfield code="a">La producci&#xF3;n de agave y mezcal del Te&#xFA;l surge en unidades de producci&#xF3;n de autoconsumo, ligadas a la agricultura y ganader&#xED;a, revaloradas por la producci&#xF3;n de mezcal durante el siglo XX y con mayor fortalecimiento en la actualidad. El objetivo de esta investigaci&#xF3;n fue analizar la situaci&#xF3;n actual de la producci&#xF3;n de agave y mezcal. La metodolog&#xED;a se desarroll&#xF3; con la aplicaci&#xF3;n de encuestas a actores clave, an&#xE1;lisis de la din&#xE1;mica de innovaci&#xF3;n, el &#xE1;rbol de problemas, el &#xE1;rbol de objetivos, y se dise&#xF1;aron estrategias. Los resultados indican que la producci&#xF3;n de agave estuvo influenciada por la reconversi&#xF3;n de cultivos y la demanda de agave para la industria del tequila, que origin&#xF3; sobreoferta al a&#xF1;o 2009 con 72% en disponibilidad; adem&#xE1;s existe baja integraci&#xF3;n a la red de valor pues s&#xF3;lo 26% de los productores est&#xE1;n integrados a la industria del mezcal. As&#xED; 85% de los productores de agave y 29% de productores de mezcal, no reciben ingresos por la actividad, de ah&#xED; que los productores de agave basan su econom&#xED;a en la ganader&#xED;a y agricultura, adicional los productores de mezcal se dedican al comercio y reciben aportaciones de socios. Adem&#xE1;s, el &#xED;ndice de adopci&#xF3;n de innovaciones del 32% y 62% en productores de agave y mezcal respectivamente, como indicador de competitividad es relativamente bajo; mientras que la densidad promedio de la red de 3.38% refleja bajo flujo de intercambio de conocimientos. En general, se presenta baja rentabilidad en producci&#xF3;n de agave y mezcal por la escasa generaci&#xF3;n de valor agregado al agave, reducida demanda y limitada consolidaci&#xF3;n organizativa, con efecto negativo en ingresos. Por ello, se plantean dos l&#xED;neas de acci&#xF3;n, una sobre la integraci&#xF3;n de la producci&#xF3;n de agave a la red de valor y la otra sobre el posicionamiento del &#x201C;mezcal zacatecano&#x201D; y aprovechamiento integral con subproductos.</subfield>
  </datafield>
  <datafield tag="590" ind1=" " ind2=" ">
    <subfield code="a">ALEPH</subfield>
    <subfield code="b">10</subfield>
    <subfield code="c">20130110</subfield>
  </datafield>
  <datafield tag="590" ind1=" " ind2=" ">
    <subfield code="a">BATCH-UPD</subfield>
    <subfield code="b">10</subfield>
    <subfield code="c">20130110</subfield>
  </datafield>
  <datafield tag="590" ind1=" " ind2=" ">
    <subfield code="a">BATCH-UPD</subfield>
    <subfield code="b">10</subfield>
    <subfield code="c">20130410</subfield>
  </datafield>
  <datafield tag="590" ind1=" " ind2=" ">
    <subfield code="a">BATCH-UPD</subfield>
    <subfield code="b">10</subfield>
    <subfield code="c">20130914</subfield>
  </datafield>
  <datafield tag="590" ind1=" " ind2=" ">
    <subfield code="a">BATCH-UPD</subfield>
    <subfield code="b">10</subfield>
    <subfield code="c">20140324</subfield>
  </datafield>
  <datafield tag="590" ind1=" " ind2=" ">
    <subfield code="a">BATCH-UPD</subfield>
    <subfield code="b">10</subfield>
    <subfield code="c">20141002</subfield>
  </datafield>
  <datafield tag="590" ind1=" " ind2=" ">
    <subfield code="a">CONVERSION</subfield>
    <subfield code="b">10</subfield>
    <subfield code="c">20130109</subfield>
  </datafield>
  <datafield tag="590" ind1=" " ind2=" ">
    <subfield code="a">E12093SGE</subfield>
    <subfield code="b">10</subfield>
    <subfield code="c">20130701</subfield>
  </datafield>
  <datafield tag="650" ind1="1" ind2="4">
    <subfield code="a">Agave</subfield>
    <subfield code="x">Rendimiento.</subfield>
    <subfield code="9">1089</subfield>
  </datafield>
  <datafield tag="650" ind1="1" ind2="4">
    <subfield code="a">Desarrollo de la comunidad rural</subfield>
    <subfield code="x">Zacatecas.</subfield>
    <subfield code="9">32033</subfield>
  </datafield>
  <datafield tag="650" ind1="1" ind2="4">
    <subfield code="a">Mezcal</subfield>
    <subfield code="x">Rendimiento.</subfield>
    <subfield code="9">75360</subfield>
  </datafield>
  <datafield tag="700" ind1="1" ind2=" ">
    <subfield code="a">Macias Rodr&#xED;guez, Francisco Javier</subfield>
    <subfield code="9">69418</subfield>
    <subfield code="e">Director de tesis.</subfield>
  </datafield>
  <datafield tag="856" ind1=" " ind2=" ">
    <subfield code="u">http://10.13.5.2/tesis/111465.pdf</subfield>
    <subfield code="z">DESCARGAR PDF</subfield>
  </datafield>
  <datafield tag="901" ind1=" " ind2=" ">
    <subfield code="a">BK</subfield>
  </datafield>
  <datafield tag="942" ind1=" " ind2=" ">
    <subfield code="c">TD</subfield>
    <subfield code="2">Clasificaci&#xF3;n Universidad Aut&#xF3;noma Chapingo</subfield>
  </datafield>
  <datafield tag="949" ind1=" " ind2=" ">
    <subfield code="a">Tesis</subfield>
    <subfield code="b">BC</subfield>
    <subfield code="c">TES</subfield>
    <subfield code="d">33724002222488</subfield>
    <subfield code="e">TS1</subfield>
    <subfield code="g">Donaci&#xD8;n</subfield>
    <subfield code="h">51466</subfield>
    <subfield code="i">111465</subfield>
    <subfield code="s">b</subfield>
  </datafield>
  <datafield tag="949" ind1=" " ind2=" ">
    <subfield code="a">Tesis</subfield>
    <subfield code="b">BC</subfield>
    <subfield code="c">TES</subfield>
    <subfield code="d">33724002222520</subfield>
    <subfield code="e">TS2</subfield>
    <subfield code="f">c.2</subfield>
    <subfield code="g">Donaci&#xD8;n</subfield>
    <subfield code="h">51467</subfield>
    <subfield code="i">111465</subfield>
    <subfield code="s">b</subfield>
  </datafield>
  <datafield tag="999" ind1=" " ind2=" ">
    <subfield code="c">99807</subfield>
    <subfield code="d">99807</subfield>
  </datafield>
  <datafield tag="952" ind1=" " ind2=" ">
    <subfield code="0">0</subfield>
    <subfield code="1">0</subfield>
    <subfield code="2">local</subfield>
    <subfield code="4">0</subfield>
    <subfield code="5">1</subfield>
    <subfield code="7">0</subfield>
    <subfield code="8">TesDigM</subfield>
    <subfield code="a">BD</subfield>
    <subfield code="b">BD</subfield>
    <subfield code="c">E_L</subfield>
    <subfield code="d">2019-12-31</subfield>
    <subfield code="l">0</subfield>
    <subfield code="o">Tesis digital</subfield>
    <subfield code="r">2019-12-31 00:00:00</subfield>
    <subfield code="w">2019-12-31</subfield>
    <subfield code="y">TD</subfield>
  </datafield>
</record>
